Education and Social Awakening in Iran (Record no. 554)
[ view plain ]
| 000 -LEADER | |
|---|---|
| fixed length control field | 00610nam a2200253 a 4500 |
| 020 ## - INTERNATIONAL STANDARD BOOK NUMBER | |
| ISBN | |
| 082 00 - DEWEY DECIMAL CLASSIFICATION NUMBER | |
| Classification number | 297.7 |
| Author Cutter | ARA |
| 100 ## - MAIN ENTRY--AUTHOR NAME | |
| Author name | Arasteh, A Reza |
| 245 ## - TITLE STATEMENT | |
| Title | Education and Social Awakening in Iran |
| 260 ## - PUBLICATION, DISTRIBUTION, ETC. (IMPRINT) | |
| Place of publication | Leiden |
| Name of publisher | E. J. Brill |
| Year of publication | 1962 |
| 300 ## - PHYSICAL DESCRIPTION | |
| Number of Pages | 19p |
| 500 ## - GENERAL NOTE | |
| General note | includes index and biblioraphy |
| 505 2# - FORMATTED CONTENTS NOTE | |
| Formatted contents note | Appendix |
| 650 ## - SUBJECT ADDED ENTRY--TOPICAL TERM | |
| Topical Term | Islamic-Education |
| 650 ## - SUBJECT ADDED ENTRY--TOPICAL TERM | |
| Topical Term | Education-Iran |
| 942 ## - ADDED ENTRY ELEMENTS (KOHA) | |
| Koha item type | Books |
| 700 1# - | |
| -- | Arasteh, A Reza |
| Collection code | Home library | Current library | Date acquired | Cost, normal purchase price | Full call number | Accession Number | Koha item type |
|---|---|---|---|---|---|---|---|
| Henry Martyn Institute Library | Henry Martyn Institute Library | 07/11/2007 | 100.00 | 297.7 ARA | 02646 | Books |
